|
|
|
|
| LEADER |
01037nam a2200361 4500 |
| 001 |
DLU040026565 |
| 005 |
##20021230 |
| 040 |
# |
# |
|a DLU
|b vie
|
| 041 |
# |
# |
|a vie
|
| 044 |
# |
# |
|a vn
|
| 082 |
# |
# |
|a 363
|b TR-T
|
| 100 |
# |
# |
|a Trần Thị Tình
|
| 245 |
# |
# |
|a Sử dụng nhóm vi khuẩn Amon, Nitrit, Nitrat hoá kết hợp với Clorella xử lý nước thải giàu hữu cơ /
|c Trần Thị Tình
|
| 260 |
# |
# |
|a Đà Lạt :
|b Trường Đại học Đà Lạt,
|c 2003
|
| 300 |
# |
# |
|a 7 tr. ;
|c 29 cm
|
| 504 |
# |
# |
|a Tài liệu tham khảo : tr. 7
|
| 653 |
# |
# |
|a Amon
|
| 653 |
# |
# |
|a Nitrat hoá
|
| 653 |
# |
# |
|a Nitrit
|
| 653 |
# |
# |
|a Tảo Chlorella
|
| 653 |
# |
# |
|a Vi khuẩn
|
| 653 |
# |
# |
|a Xử lí nước thải
|
| 653 |
# |
# |
|a Xử lý nước thải
|
| 915 |
# |
# |
|a Môi trường,
|c Đề tài nghiên cứu khoa học cấp trường
|
| 992 |
# |
# |
|a 0
|
| 994 |
# |
# |
|a DLU
|
| 900 |
# |
# |
|a True
|
| 911 |
# |
# |
|a Thái Thị Thanh Thủy
|
| 925 |
# |
# |
|a G
|
| 926 |
# |
# |
|a A
|
| 927 |
# |
# |
|a LA
|
| 980 |
# |
# |
|a Thư viện Trường Đại học Đà Lạt
|